书目信息 |
| 题名: |
电路分析导论
|
|
| 作者: | 吴锡龙 编 | |
| 分册: | 下册 | |
| 出版信息: | 北京 高等教育出版社 1987 |
|
| 页数: | 276页 | |
| 开本: | 20cm | |
| 丛书名: | ||
| 单 册: | ||
| 中图分类: | TM13 | |
| 科图分类: | ||
| 主题词: | 电路理论 | |
| 电子资源: | ||
| ISBN: | ||
| 000 | 00665nam0 2200253 45 | |
| 001 | 0187006191 | |
| 005 | 20040908100515.0 | |
| 010 | @dCNY1.95 | |
| 091 | @a15010.0848 | |
| 100 | @a19900830d1987 em y0chiy0121 ea | |
| 101 | 0 | @achi |
| 102 | @aCN@b110000 | |
| 105 | @ay z 001yy | |
| 106 | @ar | |
| 200 | 10 | @a电路分析导论@Adian lu fen xi dao lun@e基本分析方法@h下册@f吴锡龙编 |
| 210 | @a北京@c高等教育出版社@d1987 | |
| 215 | @a276页@d20cm | |
| 300 | @a高等学校试用教材 | |
| 606 | 0 | @a电路理论 |
| 690 | @aTM13@v3 | |
| 701 | 0 | @a吴锡龙@Awu xi long@4编 |
| 801 | 0 | @aCN@b深圳图书馆@c20040524 |
| 801 | 2 | @aCN@bNLC@c20040524 |
| 905 | @dTM13@e10:2@f1@b206694 | |
| 电路分析导论:基本分析方法.下册/吴锡龙编.-北京:高等教育出版社,1987 |
| 276页;20cm |
| 高等学校试用教材 |
| ISBN :CNY1.95 |
| ● |
| 相关链接 |
|
|
|
|
正题名:电路分析导论
索取号:TM13/10:2
 
预约/预借
| 序号 | 登录号 | 条形码 | 馆藏地/架位号 | 状态 | 备注 |
| 1 | 0206694 | 001949547 | 密集书库/ [索取号:TM13/10:2] | 在馆 | |
| 2 | 0206695 | 000801449 | 密集书库/ [索取号:TM13/10:2] | 在馆 | |
| 3 | 0206696 | 000801369 | 第三借阅区/ [索取号:TM13/10:2] | 在馆 | |
| 4 | 0206697 | 000801403 | 密集书库/ [索取号:TM13/10:2] | 在馆 | |
| 5 | 0206698 | 202107585 | 第二样本阅览室/ [索取号:TM13/10:2] | 在馆 |